000 00655nam a22001937a 4500
005 20171101105503.0
010 _aENG-120977
020 _c995.00
_a9789385160776
035 _aEN-104509
037 _bDBAD/PUB
082 _a327.4054
245 _aThe EU- India strategic partnership:
_bfacingthe foreign policy divide /
_cedited by Gauri Khandekar
260 _aNew Delhi
_bLenin Media
_c2015
270 _a202, IInd Floor, 4832/24, Prahlad Street, Ansari Road, Daryaganj
_bNew Delhi
_e110002
300 _aix,177p.
_c22.5cm(Hb)
_bill
500 _aIncludes index
700 _aKhandekar, Gauri
942 _2ddc
_cEN
_h327.4054
_mTHE
999 _c146493
_d146493